书目信息 |
| 题名: |
紧黎曼曲面引论
|
|
| 作者: | 伍鸿熙 著 | |
| 分册: | ||
| 出版信息: | 北京 科学出版社 1981.03 |
|
| 页数: | 293页 | |
| 开本: | 20cm | |
| 丛书名: | 现代数学基础丛书 | |
| 单 册: | ||
| 中图分类: | O186.12 | |
| 科图分类: | ||
| 主题词: | 几何 , 拓扑 | |
| 电子资源: | ||
| ISBN: | 7-03-006204-3 | |
| 000 | 00580nam0 2200229 45 | |
| 001 | 0009271028 | |
| 005 | 20040524102029.0 | |
| 010 | @a7-03-006204-3@dCNY17.00 | |
| 100 | @a20000927d1981 km y0chiy0120 ea | |
| 101 | 0 | @achi |
| 105 | @a z 000yy | |
| 200 | 1 | @a紧黎曼曲面引论@f伍鸿熙著@FWu Hong Xi Zhu |
| 210 | @a北京@c科学出版社@d1981.03 | |
| 215 | @a293页@d20cm | |
| 225 | @a现代数学基础丛书 | |
| 410 | @12001 @a现代数学基础丛书 | |
| 606 | 0 | @a几何 |
| 606 | 0 | @a拓扑 |
| 690 | @aO186.12@v1 | |
| 701 | 0 | @a伍鸿熙@4著 |
| 801 | @aCN@bTSTC@c20000927 | |
| 905 | @dO186.12@e15 | |
| 紧黎曼曲面引论/伍鸿熙著.-北京:科学出版社,1981.03 |
| 293页;20cm.-(现代数学基础丛书) |
| ISBN 7-03-006204-3:CNY17.00 |
| ● |
| 相关链接 |
|
|
|
|
正题名:紧黎曼曲面引论
索取号:O186.12/15
 
预约/预借
| 序号 | 登录号 | 条形码 | 馆藏地/架位号 | 状态 | 备注 |
| 1 | 0291062 | 002910620 | 第三借阅区/ [索取号:O186.12/15] | 在馆 | |
| 2 | 0291063 | 002910639 | 第三借阅区/ [索取号:O186.12/15] | 在馆 | |
| 3 | 0291064 | 002910648 | 第三借阅区/ [索取号:O186.12/15] | 在馆 | |
| 4 | 0291065 | 002910657 | 第三借阅区/ [索取号:O186.12/15] | 在馆 | |
| 5 | 0291066 | 002910666 | 第二样本阅览室/ [索取号:O186.12/15] | 在馆 |